000 00374 a2200169 4500
001 191455
020 _a85-16-00709-X
040 _cMagnum
100 _aRibeiro, LaĆ­s Carr
240 1 0 _aPapai noel esteve aqui
_lpor
245 1 0 _aPapai noel esteve aqui
300 _a29
362 0 _a1992
440 1 _aModerna
697 _aLITERATURA INFANTO-JUVENIL
942 _cBK
999 _c191455
_d191455